000 00584nam a2200181Ia 4500
008 100920s9999 xx 000 0 und d
082 _b6751
_a200 थ 57
100 _aदेवळे शं रा.
245 _aमुलांचा गणपती.
260 _bव्हीनस प्रकाशन,पुणे.
_c1957
300 _a32
_bसाधी
365 _b0.5
520 _aधार्मिक.
630 _aमुलांचा गणपती.
650 _aधार्मिक.
730 _aमुलांचा गणपती.
942 _cBOOK
999 _c675049
_d675046